Informácie ako zdroj konkurenčnej výhody v medzinárodnom obchode diplomová práca

Salvato in:
Dettagli Bibliografici
Autore principale: Kosorín, Marek
Ente Autore: Obchodná fakulta EU. Katedra medzinárodného obchodu
Altri autori: Hlušková, Tatiana, 1987-
Natura: Libro
Lingua:slovacco
Pubblicazione: Bratislava 2020
Tags: Aggiungi Tag
Nessun Tag, puoi essere il primo ad aggiungerne!!

MARC

LEADER 00000nbm a2200000 4500
001 0266421
005 20201008083359.3
041 0 |a slo 
044 |a SK 
245 1 0 |a Informácie ako zdroj konkurenčnej výhody v medzinárodnom obchode  |b diplomová práca  |c Marek Kosorín ; školiteľ: Tatiana Hlušková 
264 1 |a Bratislava  |c 2020 
300 |a 76 s. 
100 1 |a Kosorín, Marek 
700 1 |a Hlušková, Tatiana, 1987- 
710 2 |a Obchodná fakulta EU. Katedra medzinárodného obchodu